Circuitos de Fórmula 1 - Statistics

Estatísticas Gerais
  • Esse quiz foi jogado 312 vezes
  • A pontuação média é 18 de 72
Estatísticas das Respostas
Imagem Resposta % Correto
Interlagos / José Carlos Pace
89%
Monaco
87%
Monza
83%
Spa-Francorchamps
73%
Ímola / Enzo e Dino Ferrari
67%
Suzuka
66%
Baku
64%
Silverstone
64%
Sakhir
56%
Las Vegas
54%
A1 Ring / RedBull Ring
52%
Miami
51%
Jeddah
49%
Gilles Villeneuve / Montreal
47%
Yas Marina
46%
Austin / Circuito das Américas
43%
Hungaroring
42%
Catalunya
39%
Nurburgring
39%
Marina Bay
37%
Shangai
37%
Zandvoort
36%
Albert Park
32%
Algarve / Portimão
30%
Hockenheimring
30%
Indianápolis
30%
Jacarepaguá
26%
Sepang
25%
Estoril
24%
Paul Ricard
24%
Sochi
24%
Hermanos Rodriguez
23%
Jerez
20%
Valencia
20%
Fuji
19%
AVUS
16%
Losail
16%
Pescara
16%
Magny-Cours
15%
Le Mans / Bugatti
14%
Adelaide
13%
Brands Hatch
12%
Detroit
12%
Buddh / Greater Noida
11%
Dallas
11%
Donington Park
11%
Istanbul
9%
Kyalami
9%
Phoenix
9%
Zolder
9%
Long Beach
8%
Sebring
7%
Watkins Glen
7%
Yeongam
7%
Dijon-Prenois
5%
Jarama
5%
Oscar Galvez / Oscar e Juan Galvez
5%
Osterreichring
4%
Reims-Gueux
4%
Aida
3%
Montjuic
3%
Ain Diab
2%
Anderstorp
2%
Boavista
2%
Pedralbes
2%
Prince George
2%
Riverside
2%
Zeltweg
2%
Bremgarten
1%
Mosport Park / Motorsport Park
1%
Nivelles-Baulers
1%
Rouen-Les-Essarts
1%
Nenhum quiz correspondente encontrado
Distribuição das Pontuações
Porcentagem de Pessoas com Cada Pontuação
Percentil de Números Respondidos
Sua Pontuação Histórica
Você não jogou esse quiz